000
00259nam a22001097a 4500
008
240708b |||||||| |||| 00| 0 eng d
100
_a
Vimal, Mitra
_9
16602
245
_a
Kagar Aur Fislan
260
_a
Delhi:
_b
Shabdkar;
_c
1968.
300
_a
158p.
942
_c
BK
999
_c
40440
_d
40440